| 000 | 00959cam a2200217 i 4500 | ||
|---|---|---|---|
| 005 | 20251208084530.0 | ||
| 008 | 250721s2009 jo gr 000 0 ara d | ||
| 020 | _a9879957231446 | ||
| 082 | 1 | 4 |
_a215.1 _bب ا ش |
| 100 | 1 |
_aابن كمال باشا، شمس الدين أحمد بن سليمان _eمؤلف. |
|
| 245 | 1 | 0 |
_aمسائل الإختلاف بين الأشاعرة والماتريدية / _cتاليف العلامه الوزير شمس الدين أحمد بن سليمان المعروفبابن كمال باشا ؛ تحقيق سعيد عبداللطيف فوده |
| 264 | 3 | 1 |
_aعمان : _bدار الفتح للدراسات والنشر، _c2009. |
| 300 | _a183صفحه. | ||
| 650 | 1 | 7 | _aالأشاعرة. |
| 650 | 1 | 7 | _aالماتريدية. |
| 650 | 1 | 7 | _aعلم الكلام. |
| 650 | 1 | 7 | _aالسنيون. |
| 700 | 1 |
_aفودة، سعيد عبداللطيف _dمحقق |
|
| 942 |
_2ddc _cBK |
||
| 999 |
_c123102 _d123102 |
||